000 00517cam a22001815a 4500
001 ##L132928
008 060323s1961 xxk 000 0 eng u
035 _a(Sirsi) u132928
041 0 _aeng
050 0 4 _a333.0062 $2 18
110 2 _aChartered Auctioneers' and Estate Agents' Institute
245 0 0 _aCharter and bye-laws
260 _aLondon
_bChartered Auctioneers' and Estate Agents' Institute
_c1961
300 _a44p.
_c22cm.
651 4 _aUnited Kingdom
_y
690 _aAuctioneering
_96218
942 _n0
999 _c105284
_d105284